ბათუმის შოთა რუსთაველის სახელმწიფო უნივერსიტეტის ბიბლიოთეკა

Telecommunications and data communications handbook / (ბიბ.ჩანაწერი № 57534)

000 -LEADER
fixed length control field 01751cam a2200397 a 4500
001 - CONTROL NUMBER
control field 14576346
005 - DATE AND TIME OF LATEST TRANSACTION
control field 20200702140127.0
008 - FIXED-LENGTH DATA ELEMENTS--GENERAL INFORMATION
fixed length control field 060929s2007 njua bf 001 0 eng
010 ## - LIBRARY OF CONGRESS CONTROL NUMBER
LC control number 2006032496
015 ## - NATIONAL BIBLIOGRAPHY NUMBER
National bibliography number GBA732859
Source bnb
016 7# - NATIONAL BIBLIOGRAPHIC AGENCY CONTROL NUMBER
Record control number 013735773
Source Uk
020 ## - INTERNATIONAL STANDARD BOOK NUMBER
International Standard Book Number 9780470041413 (pbk.)
020 ## - INTERNATIONAL STANDARD BOOK NUMBER
International Standard Book Number 0470041412 (pbk.)
020 ## - INTERNATIONAL STANDARD BOOK NUMBER
International Standard Book Number 9780470396070
035 ## - SYSTEM CONTROL NUMBER
System control number (OCoLC)ocm72353657
035 ## - SYSTEM CONTROL NUMBER
System control number (OCoLC)72353657
040 ## - CATALOGING SOURCE
Original cataloging agency DLC
Transcribing agency DLC
Modifying agency BAKER
-- BTCTA
-- UKM
-- C#P
-- YDXCP
-- DLC
041 ## - LANGUAGE CODE
Language code of text/sound track or separate title eng
050 00 - LIBRARY OF CONGRESS CALL NUMBER
Classification number TK5101
Item number .H6655 2007
080 ## - UNIVERSAL DECIMAL CLASSIFICATION NUMBER
Universal Decimal Classification number 621.397 H-80
082 00 - DEWEY DECIMAL CLASSIFICATION NUMBER
Classification number 621.382
Edition number 22
100 1# - MAIN ENTRY--PERSONAL NAME
Personal name Horak, Ray.
9 (RLIN) 9016
245 10 - TITLE STATEMENT
Title Telecommunications and data communications handbook /
Statement of responsibility, etc. Ray Horak.
260 ## - PUBLICATION, DISTRIBUTION, ETC.
Place of publication, distribution, etc. Hoboken, N.J. :
Name of publisher, distributor, etc. Wiley-Interscience,
Date of publication, distribution, etc. c2007.
300 ## - PHYSICAL DESCRIPTION
Extent xxxviii, 791 p. :
Other physical details ill. ;
Dimensions 26 cm.
504 ## - BIBLIOGRAPHY, ETC. NOTE
Bibliography, etc. note Includes bibliographical references and index.
650 #0 - SUBJECT ADDED ENTRY--TOPICAL TERM
Topical term or geographic name entry element Telecommunication
Form subdivision Handbooks, manuals, etc.
9 (RLIN) 9017
650 #0 - SUBJECT ADDED ENTRY--TOPICAL TERM
Topical term or geographic name entry element Digital communications
Form subdivision Handbooks, manuals, etc.
9 (RLIN) 9018
653 ## - INDEX TERM--UNCONTROLLED
keyword ელექტრონული კომუნიკაციებისა და მონაცემთა კომუნიკაციების სახელმძღვანელო
856 41 - ELECTRONIC LOCATION AND ACCESS
Materials specified Table of contents only
Uniform Resource Identifier http://www.loc.gov/catdir/toc/ecip072/2006032496.html
856 42 - ELECTRONIC LOCATION AND ACCESS
Materials specified Contributor biographical information
Uniform Resource Identifier http://www.loc.gov/catdir/enhancements/fy0741/2006032496-b.html
856 42 - ELECTRONIC LOCATION AND ACCESS
Materials specified Publisher description
Uniform Resource Identifier http://www.loc.gov/catdir/enhancements/fy0741/2006032496-d.html
906 ## - LOCAL DATA ELEMENT F, LDF (RLIN)
a 7
b cbc
c orignew
d 1
e ecip
f 20
g y-gencatlg
942 ## - ADDED ENTRY ELEMENTS (KOHA)
Source of classification or shelving scheme
Koha item type წიგნი
ეგზემპლარები
Withdrawn status Lost status Source of classification or shelving scheme Damaged status Not for loan Permanent Location Current Location Shelving location Date acquired Cost, normal purchase price Full call number Barcode Date last seen Copy number Price effective from Koha item type Public note
          ბათუმის შოთა რუსთაველის სახელმწიფო უნივერსიტეტის მთავარი ბიბლიოთეკა ბათუმის შოთა რუსთაველის სახელმწიფო უნივერსიტეტის მთავარი ბიბლიოთეკა წიგნსაცავი 2020-07-02 191.00 621.397 H-80 60729 2020-07-02 60729 2020-07-02 წიგნი 191 ლ.